Statistics for Italy by Picture

Click here to take the quiz!

General Stats

  • This quiz has been taken 17,875 times
    (17,847 since last reset)
  • The average score is 13 of 18

Answer Stats

Answer% Correct
Pizza
99%
Colosseum
96%
Leaning tower of Pisa
94%
Pasta
92%
Ferrari
90%
Venice
89%
Leonardo da Vinci
86%
Alps
80%
Vesuvius
78%
Vespa
72%
Espresso
70%
Luciano Pavarotti
67%
Pantheon
58%
Turin
50%
Fiat {500}
49%
Sophia Loren
48%
{Saint} {Mark}'s Basilica
34%
Lake {Garda}
33%

Score Distribution

Percentile by Number Answered

Percent of People with Each Score

Your Score History

You have not taken this quiz since the last reset